| 000 | 00584nam a2200229Ia 4500 | ||
|---|---|---|---|
| 003 | OSt | ||
| 005 | 20220918175512.0 | ||
| 006 | a|||||r|||| 00| 0 | ||
| 007 | ta | ||
| 008 | 220917b |||||||| |||| 00| 0 eng d | ||
| 024 | _a17,649 | ||
| 037 | _cTextual | ||
| 040 |
_aARTS _cARTS _beng |
||
| 041 |
_2eng _aeng |
||
| 082 | _aR12, L7 | ||
| 100 |
_aBerger Fred R _954215 |
||
| 245 | 0 | _aStudying deductive logic | |
| 260 |
_aEnglewood _bCliffs Prentice Hall _c1977 |
||
| 650 | _aPHILOSOPHY | ||
| 942 |
_hR12, L7 _cTEXL _2CC |
||
| 999 |
_c157822 _d157822 |
||